[Event "DEM U10/U10w 2010"]
[Site "Oberhof GER"]
[Date "2010.05.26"]
[Round "6"]
[White "Arnhold, Steffi"]
[Black "Giede, Anna-Blume"]
[Result "1-0"]
[Termination "normal"]
[Board "41"]
[WhiteElo "1145"]
[BlackElo "927"]
[PlyCount "115"]
[WhiteFideId "12931365"]
[BlackFideId "12921980"]
[EventCountry "GER"]
[EventRounds "11"]
[EventType "swiss"]
[EventDate "2010.05.22"]

1. e4 e5 2. Nf3 Nc6 3. d4 exd4 4. Nxd4 Qh4 5. Nc3 Bb4 6. Be2 Qxe4 7. Ndb5 Qe5
8. f4 Bxc3+ 9. bxc3 Qc5 10. Nxc7+ Kd8 11. Nxa8 Qxc3+ 12. Bd2 Qc5 13. Rb1 Nf6
14. Rb5 Qd4 15. Rb3 Re8 16. Ba5+ b6 17. Bc3 Qxf4 18. Qd2 Qf5 19. Rf1 Qe6 20.
Bxf6+ gxf6 21. Rh3 Ba6 22. Rf2 Nb8 23. Rxh7 Bb7 24. Nxb6 axb6 25. Qh6 Ba6 26.
Rh8 Bxe2 27. Rxe8+ Qxe8 28. Rxe2 Qg8 29. Qxf6+ Kc7 30. h3 Nc6 31. Qf1 Nd4 32.
Qf4+ Kc6 33. Qxd4 Qg3+ 34. Qf2 Qc3+ 35. Kf1 Qa1+ 36. Re1 Qxa2 37. Qf6+ Kc7 38.
Ra1 Qc4+ 39. Kg1 Qc5+ 40. Qf2 Qc3 41. Ra7+ Kc6 42. Qf3+ Qxf3 43. gxf3 Kd6 44.
Rb7 Kc6 45. Rb8 Kd6 46. Rxb6+ Ke7 47. Rb7 f6 48. h4 Kf7 49. Rxd7+ Kg6 50. Kg2
Kh5 51. c4 Kxh4 52. c5 Kg5 53. c6 Kf4 54. c7 Ke3 55. c8=Q f5 56. Qc3+ Kf4 57.
Qf6 Ke3 58. Qe5# 1-0

[Event "DEM U10/U10w 2010"]
[Site "Oberhof GER"]
[Date "2010.05.26"]
[Round "6"]
[White "Schneider, Jana"]
[Black "Lohrmann, Tabea"]
[Result "0-1"]
[Termination "normal"]
[Board "42"]
[WhiteElo "1073"]
[BlackElo "874"]
[PlyCount "46"]
[WhiteFideId "12924997"]
[BlackFideId "12911941"]
[EventCountry "GER"]
[EventRounds "11"]
[EventType "swiss"]
[EventDate "2010.05.22"]

1. e4 e5 2. Nf3 Nc6 3. d4 exd4 4. Nxd4 Bc5 5. Be3 Bb6 6. Nc3 Nf6 7. Bb5 O-O 8.
O-O Re8 9. f3 a6 10. Bc4 Nxd4 11. Bxd4 Ba5 12. Kh1 c6 13. a3 Bc7 14. Qd2 Nh5
15. Ne2 Qh4 16. h3 Ng3+ 17. Nxg3 Qxg3 18. Kg1 d5 19. exd5 cxd5 20. Bxd5 Bxh3
21. Bxb7 Rad8 22. c3 Qh2+ 23. Kf2 Qxg2# 0-1

[Event "DEM U10/U10w 2010"]
[Site "Oberhof GER"]
[Date "2010.05.26"]
[Round "6"]
[White "Ratay, Meike"]
[Black "Köhler, Inken"]
[Result "0-1"]
[Termination "normal"]
[Board "45"]
[WhiteElo "930"]
[BlackElo "786"]
[PlyCount "68"]
[WhiteFideId "12977608"]
[BlackFideId "12929301"]
[EventCountry "GER"]
[EventRounds "11"]
[EventType "swiss"]
[EventDate "2010.05.22"]

1. e4 e5 2. Nf3 Nc6 3. Bc4 Nf6 4. d3 d5 5. exd5 Nxd5 6. h3 Be6 7. Nbd2 Bb4 8.
c3 Bc5 9. O-O O-O 10. Ne4 Be7 11. Ne1 Qd7 12. Qf3 Nf6 13. Qg3 Nxe4 14. dxe4
Bxc4 15. Bh6 Bf6 16. Nf3 Bxf1 17. Rxf1 Rfd8 18. Nh4 g6 19. Nf3 Qd3 20. Re1 Bg7
21. Bg5 f6 22. Bc1 Rd6 23. Re3 Qd1+ 24. Re1 Qc2 25. Nh4 Rd1 26. Rxd1 Qxd1+ 27.
Kh2 Qxc1 28. Qd3 Qf4+ 29. g3 Qxf2+ 30. Kh1 Rd8 31. Qc4+ Kh8 32. Qb3 Qf1+ 33.
Kh2 Rd2+ 34. Ng2 Qxg2# 0-1

[Event "DEM U10/U10w 2010"]
[Site "Oberhof GER"]
[Date "2010.05.26"]
[Round "6"]
[White "Cejda, Cecilia"]
[Black "Schneider, Xenia"]
[Result "1-0"]
[Termination "normal"]
[Board "46"]
[WhiteElo "894"]
[BlackElo "777"]
[PlyCount "49"]
[WhiteFideId "12921122"]
[BlackFideId "12911984"]
[EventCountry "GER"]
[EventRounds "11"]
[EventType "swiss"]
[EventDate "2010.05.22"]

1. e4 e5 2. Nf3 Nc6 3. Bc4 Nf6 4. d3 Bc5 5. O-O O-O 6. Bg5 Nd4 7. Nc3 d6 8. Nd5
Ng4 9. Bxd8 Rxd8 10. Nxd4 Bxd4 11. Qd2 Bxb2 12. Rab1 Bd4 13. h3 Re8 14. hxg4
Bxg4 15. Qg5 Bd7 16. Nf6+ Kf8 17. Nxd7+ Kg8 18. Qf5 Re7 19. Kh2 Rd8 20. Rh1
Rdxd7 21. Rxb7 g6 22. Qf6 Re8 23. Rhb1 Rdd8 24. Qxf7+ Kh8 25. Qf6# 1-0

[Event "DEM U10/U10w 2010"]
[Site "Oberhof GER"]
[Date "2010.05.26"]
[Round "7"]
[White "Ovsepyan, Arshak"]
[Black "Graf, Clara Victoria"]
[Result "1-0"]
[Termination "normal"]
[Board "2"]
[WhiteElo "1945"]
[BlackElo "1736"]
[PlyCount "149"]
[WhiteFideId "24690236"]
[BlackFideId "1270339"]
[EventCountry "GER"]
[EventRounds "11"]
[EventType "swiss"]
[EventDate "2010.05.22"]

1. e4 c5 2. Nf3 Nc6 3. d4 cxd4 4. Nxd4 g6 5. Nc3 Bg7 6. Be3 Nf6 7. Be2 O-O 8.
Nb3 d6 9. f4 a6 10. O-O b5 11. a3 Bb7 12. Qd2 Na7 13. Bf3 Qc7 14. Rad1 Nc6 15.
Qf2 Qc8 16. h3 Nd7 17. Nd4 Nxd4 18. Bxd4 Bxd4 19. Rxd4 Nc5 20. Rd2 Re8 21. g4
Qc7 22. f5 Nd7 23. h4 Ne5 24. Be2 Rac8 25. Kh1 Qc5 26. Qf4 b4 27. axb4 Qxb4 28.
Nd1 Qxe4+ 29. Qxe4 Bxe4+ 30. Kg1 Rxc2 31. Rxc2 Bxc2 32. fxg6 hxg6 33. Bxa6 Nxg4
34. Nc3 e5 35. Bc4 Bf5 36. Re1 Be6 37. Bxe6 Rxe6 38. b4 f5 39. b5 Re8 40. Nd5
Rb8 41. b6 Kf7 42. Rb1 Nf6 43. Ne3 Nd7 44. b7 Nc5 45. Nc4 Ke6 46. Na5 Kd7 47.
Rb6 Nxb7 48. Rxb7+ Rxb7 49. Nxb7 Kc7 50. Na5 Kb6 51. Nb3 Kb5 52. Kf2 Kb4 53.
Nd2 d5 54. Nf3 e4 55. Ne5 d4 56. Nxg6 d3 57. Ke1 e3 58. Nf4 Kc3 59. h5 e2 60.
Nxe2+ Kc2 61. Nd4+ Kc3 62. Nf3 f4 63. h6 d2+ 64. Nxd2 Kd3 65. h7 f3 66. h8=Q
f2+ 67. Kxf2 Kxd2 68. Qd4+ Kc2 69. Ke2 Kb3 70. Qc5 Kb2 71. Qc4 Kb1 72. Kd2 Kb2
73. Qb4+ Ka2 74. Kc1 Ka1 75. Qa5# 1-0

[Event "DEM U10/U10w 2010"]
[Site "Oberhof GER"]
[Date "2010.05.26"]
[Round "7"]
[White "Krüger, David"]
[Black "Schröder, Kevin"]
[Result "0-1"]
[Termination "normal"]
[Board "3"]
[WhiteElo "1394"]
[BlackElo "1557"]
[PlyCount "94"]
[WhiteFideId "12921858"]
[BlackFideId "12929840"]
[EventCountry "GER"]
[EventRounds "11"]
[EventType "swiss"]
[EventDate "2010.05.22"]

1. d4 Nf6 2. c4 g6 3. Nc3 Bg7 4. g3 d6 5. Bg2 O-O 6. Nf3 c6 7. O-O Nbd7 8. h3
a6 9. b3 b5 10. Nd2 Qb6 11. Bb2 Bb7 12. Qc2 e5 13. e3 Rfe8 14. Nf3 e4 15. Nd2
d5 16. c5 Qc7 17. Rfe1 Nf8 18. Nf1 Ne6 19. Ne2 Bc8 20. b4 Qd7 21. a4 Ng5 22.
Nf4 Nf3+ 23. Bxf3 exf3 24. axb5 g5 25. bxc6 Qf5 26. e4 Rxe4 27. Ne3 Rxe3 28.
Qxf5 Rxe1+ 29. Rxe1 Bxf5 30. Re5 Be4 31. Rxg5 Rc8 32. Re5 Rxc6 33. Re7 Bh6 34.
Bc1 Kf8 35. Ra7 Kg7 36. Be3 Bf5 37. g4 Bc2 38. Kh2 Bxf4+ 39. Bxf4 Ne4 40. Be5+
Kg6 41. h4 Nxf2 42. Kg3 Nxg4 43. Kxg4 f2 44. Ra8 f5+ 45. Kg3 f1=Q 46. Rg8+ Kf7
47. Rg7+ Kf8 0-1

[Event "DEM U10/U10w 2010"]
[Site "Oberhof GER"]
[Date "2010.05.26"]
[Round "7"]
[White "Dürr, Florian"]
[Black "Moses, Selina"]
[Result "1/2-1/2"]
[Termination "normal"]
[Board "4"]
[WhiteElo "1750"]
[BlackElo "1453"]
[PlyCount "121"]
[WhiteFideId "24659134"]
[BlackFideId "12908070"]
[EventCountry "GER"]
[EventRounds "11"]
[EventType "swiss"]
[EventDate "2010.05.22"]

1. e4 e5 2. d4 d6 3. Nf3 Nf6 4. dxe5 Nxe4 5. Qd5 Nc5 6. Bg5 Qd7 7. exd6 Bxd6 8.
Nc3 O-O 9. O-O-O Qc6 10. Bc4 Be6 11. Qxc6 Nxc6 12. Bb3 Bxb3 13. axb3 a6 14. Nd5
a5 15. Rhe1 a4 16. b4 Ne6 17. c3 Nxg5 18. Nxg5 Rfe8 19. Ne4 Rad8 20. Nxd6 cxd6
21. Nb6 Rxe1 22. Rxe1 d5 23. Nxa4 d4 24. Nc5 dxc3 25. bxc3 b5 26. Nb7 Rb8 27.
Nc5 Rd8 28. Rd1 Rb8 29. Rd7 Ne5 30. Rb7 Rxb7 31. Nxb7 Nd3+ 32. Kc2 Nxf2 33. Nd6
Ng4 34. Nxb5 Ne3+ 35. Kd3 Nxg2 36. Nd4 Nf4+ 37. Ke4 Ng6 38. b5 Ne7 39. b6 Nc8
40. c4 Nxb6 41. c5 Na8 42. Nb5 Kf8 43. Kd5 Ke7 44. Kc6 f5 45. Kb7 f4 46. Nc3 f3
47. Ne4 Kd7 48. Kxa8 Kc6 49. Kb8 Kd5 50. Nf2 Kxc5 51. Kc7 Kd4 52. Kd6 Ke3 53.
Ng4+ Ke2 54. h4 f2 55. Nh2 f1=Q 56. Nxf1 Kxf1 57. Ke6 Kg2 58. h5 Kg3 59. Kf7
Kg4 60. Kxg7 Kxh5 61. Kxh7 1/2-1/2

[Event "DEM U10/U10w 2010"]
[Site "Oberhof GER"]
[Date "2010.05.26"]
[Round "7"]
[White "Greßmann, Moritz"]
[Black "Schmidek, Emil"]
[Result "1/2-1/2"]
[Termination "normal"]
[Board "5"]
[WhiteElo "1600"]
[BlackElo "1740"]
[PlyCount "78"]
[WhiteFideId "24695084"]
[BlackFideId "12908150"]
[EventCountry "GER"]
[EventRounds "11"]
[EventType "swiss"]
[EventDate "2010.05.22"]

1. e4 d6 2. d4 Nf6 3. f3 g6 4. Be3 Bg7 5. c4 Nbd7 6. Nc3 e5 7. d5 O-O 8. Bd3
Ne8 9. Nge2 f5 10. O-O f4 11. Bf2 Nef6 12. b4 b6 13. Na4 g5 14. c5 h5 15. c6
Nb8 16. h3 g4 17. fxg4 hxg4 18. Kh2 Nh7 19. Qe1 Qg5 20. Bh4 g3+ 21. Bxg3 fxg3+
22. Qxg3 Qxg3+ 23. Nxg3 Na6 24. a3 Nb8 25. Nc3 Ba6 26. b5 Bc8 27. a4 a6 28.
Rxf8+ Nxf8 29. Ra2 Bh6 30. Nh5 Nh7 31. Kg3 Be3 32. Bb1 Kf7 33. Kh2 Ng5 34. Ng3
Bd4 35. Nge2 Be3 36. Nd1 Bc5 37. Ndc3 Be3 38. Nd1 Bc5 39. Ndc3 Be3 1/2-1/2

[Event "DEM U10/U10w 2010"]
[Site "Oberhof GER"]
[Date "2010.05.26"]
[Round "7"]
[White "Savchenko, Daniel"]
[Black "Baberz, Alexander"]
[Result "1/2-1/2"]
[Termination "normal"]
[Board "6"]
[WhiteElo "1237"]
[BlackElo "1567"]
[PlyCount "110"]
[WhiteFideId "12919195"]
[BlackFideId "12921734"]
[EventCountry "GER"]
[EventRounds "11"]
[EventType "swiss"]
[EventDate "2010.05.22"]

1. e4 c5 2. Nf3 d6 3. d4 cxd4 4. Nxd4 Nf6 5. Nc3 a6 6. Be2 e5 7. Nb3 Be6 8. O-O
Be7 9. Be3 O-O 10. Kh1 Nbd7 11. f4 Qc7 12. f5 Bc4 13. Bxc4 Qxc4 14. Qf3 Qc6 15.
g4 Nb6 16. Rad1 Rad8 17. g5 Nfd7 18. Qh3 Nc5 19. Nxc5 dxc5 20. Qg3 Rxd1 21.
Rxd1 Rd8 22. Rxd8+ Bxd8 23. Qxe5 Nc4 24. Qb8 Qc7 25. Qxc7 Bxc7 26. Bxc5 Nxb2
27. Nd5 Be5 28. Ne7+ Kh8 29. h4 Nc4 30. h5 Nd2 31. h6 Nxe4 32. Be3 Bd6 33.
hxg7+ Kxg7 34. Bd4+ Kf8 35. Nd5 Ng3+ 36. Kg2 Nxf5 37. Bf6 Ne7 38. Nb6 Ng6 39.
Kf3 Be7 40. Nd7+ Ke8 41. Bxe7 Kxe7 42. Nc5 Ne5+ 43. Ke4 Ng6 44. Nxb7 f6 45. Kf5
fxg5 46. Kxg5 Kf7 47. Kh6 Nf8 48. Nc5 a5 49. a4 Ke7 50. c4 Nd7 51. Nb3 Nb6 52.
c5 Nxa4 53. c6 Kd6 54. Nxa5 Nc3 55. Kxh7 Nd5 1/2-1/2

[Event "DEM U10/U10w 2010"]
[Site "Oberhof GER"]
[Date "2010.05.26"]
[Round "7"]
[White "Renger, Niklas"]
[Black "Mehsin, Yazan"]
[Result "1/2-1/2"]
[Termination "normal"]
[Board "7"]
[WhiteElo "1320"]
[BlackElo "1473"]
[PlyCount "37"]
[WhiteFideId "12908096"]
[EventCountry "GER"]
[EventRounds "11"]
[EventType "swiss"]
[EventDate "2010.05.22"]

1. e4 e5 2. Nf3 Nf6 3. d4 exd4 4. Bc4 Nc6 5. O-O d6 6. h3 Be6 7. Bxe6 fxe6 8.
c3 dxc3 9. Nxc3 e5 10. Be3 Be7 11. Rc1 O-O 12. Qb3+ Kh8 13. Qxb7 Qd7 14. Nd5
Nd4 15. Rxc7 Nxf3+ 16. gxf3 Qxh3 17. Rxe7 Ng4 18. fxg4 Qxg4+ 19. Kh1 1/2-1/2

[Event "DEM U10/U10w 2010"]
[Site "Oberhof GER"]
[Date "2010.05.26"]
[Round "7"]
[White "Kreyssig, Bruno"]
[Black "Höglauer, Patrick"]
[Result "1-0"]
[Termination "normal"]
[Board "8"]
[WhiteElo "1319"]
[BlackElo "1768"]
[PlyCount "81"]
[WhiteFideId "4692489"]
[BlackFideId "1270548"]
[EventCountry "GER"]
[EventRounds "11"]
[EventType "swiss"]
[EventDate "2010.05.22"]

1. e4 d6 2. d4 g6 3. f4 Nf6 4. Nc3 Bg7 5. Nf3 c5 6. dxc5 Qa5 7. Bd2 Qxc5 8. Bd3
Nc6 9. Qe2 Bg4 10. Be3 Qb4 11. O-O-O Nd7 12. Bd2 Nc5 13. h3 Bxf3 14. Qxf3 Na4
15. Nxa4 Qxa4 16. a3 Rc8 17. Be3 b5 18. Qf1 a6 19. c3 Bxc3 20. bxc3 Qxa3+ 21.
Kd2 Qb2+ 22. Ke1 Qxc3+ 23. Bd2 Qd4 24. Rc1 b4 25. Bxa6 Qxe4+ 26. Kd1 Rc7 27.
Bb5 O-O 28. Qf3 Qxf3+ 29. gxf3 Rfc8 30. Bxc6 Rxc6 31. Rxc6 Rxc6 32. Bxb4 Rb6
33. Bd2 Rb3 34. Rf1 Kg7 35. Kc2 Rb5 36. Re1 e6 37. Bc3+ Kf8 38. Rb1 Rc5 39. Kd2
e5 40. fxe5 dxe5 41. Bb4 1-0

[Event "DEM U10/U10w 2010"]
[Site "Oberhof GER"]
[Date "2010.05.26"]
[Round "7"]
[White "Vogel, Roven"]
[Black "Rätzke von Stoyentin, Steffen"]
[Result "1/2-1/2"]
[Termination "normal"]
[Board "9"]
[WhiteElo "1480"]
[BlackElo "1278"]
[PlyCount "105"]
[WhiteFideId "12908088"]
[BlackFideId "12907502"]
[EventCountry "GER"]
[EventRounds "11"]
[EventType "swiss"]
[EventDate "2010.05.22"]

1. e4 e5 2. Nf3 Nc6 3. Bc4 Bc5 4. c3 Nf6 5. d3 a6 6. b4 Ba7 7. Qb3 O-O 8. a4 d6
9. Ba3 Bg4 10. Nbd2 Qe7 11. h3 Bh5 12. g4 Bg6 13. b5 axb5 14. Qxb5 Bb6 15. Ke2
Ra5 16. Qb3 Rfa8 17. Rhf1 h5 18. g5 Nh7 19. h4 Qd7 20. Bb4 Nxb4 21. cxb4 Rxa4
22. Rxa4 Qxa4 23. b5 Qxb3 24. Nxb3 Ra4 25. Nfd2 Nf8 26. f4 exf4 27. Rxf4 Ne6
28. Rf1 Nc5 29. Rc1 Kf8 30. Bd5 Ra7 31. Nxc5 Bxc5 32. Nb3 b6 33. d4 Bb4 34. Kd3
Ke7 35. Na1 Ra3+ 36. Ke2 Rc3 37. Rb1 Ba5 38. Rh1 Rg3 39. Nb3 Bxe4 40. Bxe4 Rxb3
41. Bd3 Rb2+ 42. Ke3 Bd2+ 43. Ke4 Rb4 44. Kd5 Bc3 45. Bc4 Ra4 46. Rc1 Bb2 47.
Rc2 Rb4 48. Kc6 Bxd4 49. Kxc7 Bc5 50. Re2+ Kf8 51. Kd8 g6 52. Bxf7 Kxf7 53.
Re7+ 1/2-1/2

[Event "DEM U10/U10w 2010"]
[Site "Oberhof GER"]
[Date "2010.05.26"]
[Round "7"]
[White "Mätzkow, Maximilian Paul"]
[Black "Fieberg, Samuel"]
[Result "1-0"]
[Termination "normal"]
[Board "10"]
[WhiteElo "1470"]
[BlackElo "1305"]
[PlyCount "69"]
[WhiteFideId "24679933"]
[BlackFideId "12901717"]
[EventCountry "GER"]
[EventRounds "11"]
[EventType "swiss"]
[EventDate "2010.05.22"]

1. d4 d5 2. e3 Nf6 3. Nf3 e6 4. Bd3 c5 5. b3 Bd6 6. Bb2 Nbd7 7. O-O O-O 8. Ne5
cxd4 9. exd4 Qc7 10. f4 Nb6 11. Nd2 Bd7 12. g4 Ne4 13. Nxe4 dxe4 14. Bxe4 Bxe5
15. dxe5 Bc6 16. Bxc6 Qxc6 17. c4 Rad8 18. Qf3 Qxf3 19. Rxf3 Rd7 20. Ba3 Rfd8
21. Bd6 Nc8 22. c5 f6 23. Raf1 Kf7 24. h4 Ne7 25. Kg2 f5 26. g5 g6 27. b4 a6
28. a4 Nd5 29. b5 axb5 30. axb5 Nb4 31. Rb1 Nd5 32. c6 bxc6 33. bxc6 Ra7 34.
Rb7+ Rxb7 35. cxb7 1-0

[Event "DEM U10/U10w 2010"]
[Site "Oberhof GER"]
[Date "2010.05.26"]
[Round "7"]
[White "Wächter, Nathalie"]
[Black "Poghosyan, Tigran"]
[Result "1-0"]
[Termination "normal"]
[Board "11"]
[WhiteElo "1385"]
[BlackElo "1387"]
[PlyCount "93"]
[WhiteFideId "12921033"]
[BlackFideId "12909319"]
[EventCountry "GER"]
[EventRounds "11"]
[EventType "swiss"]
[EventDate "2010.05.22"]

1. e4 c5 2. Nf3 d6 3. d4 cxd4 4. Nxd4 Nf6 5. Nc3 a6 6. Be3 e5 7. Nf3 Ng4 8. Qd2
Nxe3 9. Qxe3 Nd7 10. Bc4 Nb6 11. Bb3 Be7 12. O-O O-O 13. h3 Be6 14. Rad1 Nc4
15. Bxc4 Bxc4 16. Rfe1 b5 17. Nxe5 Qc7 18. Nxc4 Qxc4 19. Qd4 Qe6 20. Nd5 Rfc8
21. Nb6 Bf6 22. Qd5 Qxd5 23. Rxd5 Be5 24. Nxa8 Rxa8 25. c3 Kf8 26. g3 g5 27.
Kg2 h5 28. Kf3 Ke7 29. Ke3 g4 30. hxg4 hxg4 31. Red1 Rf8 32. b3 f5 33. exf5
Rxf5 34. c4 bxc4 35. bxc4 Rf3+ 36. Ke2 Rc3 37. c5 dxc5 38. Rxe5+ Kf6 39. Red5
Ke7 40. Rg5 Rc4 41. Kd2 Rd4+ 42. Ke1 Re4+ 43. Kf1 Rc4 44. Rdd5 Rc1+ 45. Kg2 c4
46. Rxg4 c3 47. Rc5 1-0

[Event "DEM U10/U10w 2010"]
[Site "Oberhof GER"]
[Date "2010.05.26"]
[Round "7"]
[White "Pallas, Sebastian"]
[Black "Reimers, Kim"]
[Result "1-0"]
[Termination "normal"]
[Board "12"]
[WhiteElo "1560"]
[BlackElo "1192"]
[PlyCount "119"]
[WhiteFideId "12905453"]
[BlackFideId "12930377"]
[EventCountry "GER"]
[EventRounds "11"]
[EventType "swiss"]
[EventDate "2010.05.22"]

1. e4 e6 2. d4 d5 3. Nd2 c5 4. exd5 exd5 5. Bb5+ Nc6 6. Ngf3 Nf6 7. O-O Be7 8.
dxc5 Bxc5 9. Nb3 Bd6 10. Re1+ Be6 11. Nbd4 Qd7 12. Ng5 a6 13. Bxc6 bxc6 14.
Ndxe6 fxe6 15. Nxe6 Ne4 16. Ng5 Be7 17. Nxe4 dxe4 18. Qxd7+ Kxd7 19. Rxe4 Rhf8
20. Be3 Rab8 21. Rd1+ Ke8 22. Bc5 Rf7 23. Rde1 Rb7 24. Rxe7+ Rfxe7 25. Rxe7+
Rxe7 26. Bxe7 Kxe7 27. Kf1 Kd6 28. Ke2 Ke5 29. Ke3 g6 30. Kd3 Kd5 31. Kc3 Kc5
32. g4 g5 33. b4+ Kd5 34. Kd3 Ke5 35. Kc4 Kf4 36. Kc5 Kxg4 37. Kxc6 Kh3 38. Kb6
Kxh2 39. Kxa6 h5 40. b5 h4 41. b6 h3 42. b7 Kg2 43. b8=Q h2 44. Qg3+ Kh1 45. f3
g4 46. Qxh2+ Kxh2 47. fxg4 Kg2 48. Kb5 Kf3 49. g5 Ke2 50. Kc4 Ke3 51. Kd5 Kf4
52. g6 Ke3 53. g7 Kf4 54. g8=Q Ke3 55. Qg3+ Kd2 56. Kc4 Ke2 57. Kd4 Kd2 58.
Qh2+ Ke1 59. Ke3 Kd1 60. Qd2# 1-0

[Event "DEM U10/U10w 2010"]
[Site "Oberhof GER"]
[Date "2010.05.26"]
[Round "7"]
[White "Urban, Konstantin"]
[Black "Gungl, Theo"]
[Result "0-1"]
[Termination "normal"]
[Board "13"]
[WhiteElo "1241"]
[BlackElo "1682"]
[PlyCount "96"]
[WhiteFideId "12927511"]
[BlackFideId "24695653"]
[EventCountry "GER"]
[EventRounds "11"]
[EventType "swiss"]
[EventDate "2010.05.22"]

1. e4 c6 2. d4 d5 3. Nc3 dxe4 4. Nxe4 Bf5 5. Ng3 Bg6 6. Nf3 Nd7 7. Be2 e6 8.
O-O Qc7 9. c3 Ngf6 10. Qb3 Bd6 11. Bd2 O-O 12. Rae1 c5 13. Rc1 Rac8 14. Rfe1 c4
15. Qd1 Qb6 16. b4 Qc6 17. Bf1 b5 18. Ne5 Bxe5 19. dxe5 Nd5 20. Ne2 a6 21. Nd4
Qb7 22. h4 h6 23. h5 Bh7 24. Qg4 Kh8 25. Qd1 Qc7 26. f4 Qb6 27. Kh1 Qd8 28. Qg4
Ne7 29. Be3 Nf5 30. Bf2 Nxd4 31. Bxd4 Bf5 32. Qg3 Nb6 33. Red1 Nd5 34. Be2 Rg8
35. Qh2 a5 36. a3 axb4 37. axb4 Ra8 38. g4 Be4+ 39. Kg1 Ra2 40. Qf2 Bd3 41. Re1
Bxe2 42. Rxe2 Nxf4 43. Qxf4 Rxe2 44. Qf3 Ra2 45. Qxf7 Qa8 46. Qf1 Rf8 47. Qh3
Rf3 48. Qh4 Rxc3 0-1

[Event "DEM U10/U10w 2010"]
[Site "Oberhof GER"]
[Date "2010.05.26"]
[Round "7"]
[White "Gauchel, Lorenz"]
[Black "Reuker, Jari"]
[Result "1-0"]
[Termination "normal"]
[Board "14"]
[WhiteElo "1451"]
[BlackElo "1237"]
[PlyCount "157"]
[WhiteFideId "12905283"]
[BlackFideId "12909300"]
[EventCountry "GER"]
[EventRounds "11"]
[EventType "swiss"]
[EventDate "2010.05.22"]

1. d4 Nf6 2. Bf4 c5 3. c3 Qb6 4. Qc1 Nc6 5. e3 e6 6. Nf3 d5 7. Bd3 Bd7 8. O-O
Be7 9. Nbd2 O-O 10. h3 Rac8 11. Rb1 cxd4 12. exd4 Nb4 13. Be2 Bb5 14. Qd1 Nd3
15. Bh2 Bd6 16. Bxd6 Qxd6 17. Ne1 Qa6 18. Nxd3 Bxd3 19. Bxd3 Qxd3 20. Nf3 Qxd1
21. Rbxd1 b5 22. Ne5 Rc7 23. Rfe1 Nd7 24. Nxd7 Rxd7 25. Kf1 Rb8 26. a3 a5 27.
b3 Rc7 28. Rd3 Kf8 29. Ree3 Ke7 30. Ke2 Kd6 31. Kd2 f6 32. f4 Re8 33. g3 e5 34.
fxe5+ fxe5 35. dxe5+ Rxe5 36. Rxe5 Kxe5 37. Ke2 Rd7 38. Ke3 Re7 39. Kd2 Rf7 40.
Ke2 Ke6 41. Rf3 Rxf3 42. Kxf3 Kf5 43. Ke3 Ke5 44. g4 g5 45. a4 bxa4 46. bxa4 h6
47. Kd3 Kd6 48. Kd4 Kc6 49. c4 dxc4 50. Kxc4 Kb6 51. Kd5 Ka7 52. Kc6 Ka6 53.
Kc5 Kb7 54. Kb5 Kb8 55. Kxa5 Ka7 56. Kb5 Kb7 57. a5 Ka7 58. a6 Ka8 59. Kb6 Kb8
60. Kc6 Ka7 61. Kd6 Kxa6 62. Ke6 Kb6 63. Kf6 Kc6 64. Kg6 Kd6 65. Kxh6 Ke7 66.
Kxg5 Kf7 67. h4 Kg7 68. h5 Kh7 69. Kf6 Kh6 70. g5+ Kh7 71. g6+ Kg8 72. g7 Kh7
73. Kf7 Kh6 74. g8=Q Kxh5 75. Kf6 Kh4 76. Kf5 Kh3 77. Kf4 Kh2 78. Kf3 Kh1 79.
Qg2# 1-0

[Event "DEM U10/U10w 2010"]
[Site "Oberhof GER"]
[Date "2010.05.26"]
[Round "7"]
[White "Hartmann, Martin"]
[Black "Spitzl, Vinzent"]
[Result "1/2-1/2"]
[Termination "normal"]
[Board "15"]
[WhiteElo "1223"]
[BlackElo "1711"]
[PlyCount "76"]
[WhiteFideId "12911925"]
[BlackFideId "12901253"]
[EventCountry "GER"]
[EventRounds "11"]
[EventType "swiss"]
[EventDate "2010.05.22"]

1. e4 e5 2. Nf3 Nf6 3. Nc3 Nc6 4. Bb5 d6 5. d4 Bd7 6. O-O a6 7. Ba4 b5 8. Bb3
Bg4 9. dxe5 Nxe5 10. Bf4 Nxf3+ 11. gxf3 Bh3 12. Re1 Be7 13. e5 dxe5 14. Qxd8+
Rxd8 15. Bxe5 c5 16. a4 b4 17. Ne4 Nxe4 18. Rxe4 f6 19. Bc7 Rd7 20. Bb6 Kf8 21.
Rae1 g6 22. a5 Bf5 23. R4e2 Bd6 24. Ba4 Re7 25. Rxe7 Bxe7 26. Bb3 Bd6 27. Rd1
Ke7 28. Re1+ Kf8 29. Rd1 Be7 30. Kf1 Kg7 31. Ba4 Kf7 32. Bb3+ Be6 33. Bxe6+
Kxe6 34. Re1+ Kd7 35. Ke2 Kc6 36. Kd3 Bd8 37. Re6+ Kb5 38. c4+ bxc3 1/2-1/2

[Event "DEM U10/U10w 2010"]
[Site "Oberhof GER"]
[Date "2010.05.26"]
[Round "7"]
[White "Riedel, Matthias"]
[Black "Tong, Kevin"]
[Result "1-0"]
[Termination "normal"]
[Board "16"]
[WhiteElo "1366"]
[BlackElo "1117"]
[PlyCount "133"]
[WhiteFideId "1271820"]
[BlackFideId "12913944"]
[EventCountry "GER"]
[EventRounds "11"]
[EventType "swiss"]
[EventDate "2010.05.22"]

1. d4 e6 2. Nf3 b6 3. g3 Bb7 4. Bg2 f5 5. Nc3 Bb4 6. Bd2 Nf6 7. O-O O-O 8. a3
Bxc3 9. Bxc3 d6 10. Ng5 Bxg2 11. Kxg2 Qe7 12. Nf3 Nbd7 13. Qd3 Ne4 14. h4 Ndf6
15. Nh2 Nd5 16. Bd2 h6 17. f3 Nef6 18. c4 c5 19. cxd5 Nxd5 20. dxc5 dxc5 21. e4
fxe4 22. Qxe4 Rad8 23. Rad1 Nf6 24. Qe2 Rd7 25. Bc3 Rfd8 26. Bxf6 Qxf6 27. Ng4
Qe7 28. Rxd7 Qxd7 29. Re1 Qd2 30. Kf1 Qxe2+ 31. Rxe2 Kf7 32. Ne5+ Kf6 33. Kf2
a6 34. g4 g5 35. hxg5+ hxg5 36. Kg3 Rd4 37. Kf2 b5 38. Nc6 Rd6 39. Na5 c4 40.
Nb7 Rb6 41. Nc5 Rc6 42. Ne4+ Kg6 43. Rd2 Kh6 44. Rd6 Rxd6 45. Nxd6 Kg6 46. Ne8
a5 47. Nd6 b4 48. Nxc4 bxa3 49. bxa3 a4 50. Nb6 Kf6 51. Nxa4 Ke7 52. Nc5 Kd6
53. Nxe6 Kxe6 54. Ke3 Ke5 55. a4 Kd5 56. f4 gxf4+ 57. Kxf4 Kc5 58. g5 Kb4 59.
g6 Kxa4 60. g7 Kb5 61. g8=Q Kc5 62. Qe6 Kd4 63. Qd6+ Kc3 64. Ke4 Kc2 65. Qb4
Kc1 66. Kd3 Kd1 67. Qb1# 1-0

[Event "DEM U10/U10w 2010"]
[Site "Oberhof GER"]
[Date "2010.05.26"]
[Round "7"]
[White "Niermann, Tristan"]
[Black "Kitze, Alexander"]
[Result "1/2-1/2"]
[Termination "normal"]
[Board "17"]
[WhiteElo "1199"]
[BlackElo "1323"]
[PlyCount "46"]
[WhiteFideId "12990698"]
[BlackFideId "12914827"]
[EventCountry "GER"]
[EventRounds "11"]
[EventType "swiss"]
[EventDate "2010.05.22"]

1. e4 c5 2. c3 d5 3. exd5 Qxd5 4. d4 Nf6 5. Nf3 Bg4 6. Be2 e6 7. O-O Be7 8. Be3
cxd4 9. cxd4 O-O 10. Nc3 Qa5 11. h3 Bh5 12. Rc1 Nc6 13. Qb3 Qb4 14. Qxb4 Nxb4
15. a3 Nbd5 16. Ne5 Bxe2 17. Nxe2 Rac8 18. Nf4 Rfd8 19. Nxd5 Nxd5 20. b4 Kf8
21. Rfd1 Bf6 22. Nd7+ Ke7 23. Nc5 b6 1/2-1/2

[Event "DEM U10/U10w 2010"]
[Site "Oberhof GER"]
[Date "2010.05.26"]
[Round "7"]
[White "Grieb, Lukas"]
[Black "Kasel, Mario"]
[Result "0-1"]
[Termination "normal"]
[Board "18"]
[WhiteElo "1007"]
[BlackElo "1285"]
[PlyCount "36"]
[WhiteFideId "1271993"]
[BlackFideId "24660957"]
[EventCountry "GER"]
[EventRounds "11"]
[EventType "swiss"]
[EventDate "2010.05.22"]

1. e4 e5 2. Nf3 Nc6 3. Bc4 Bc5 4. Nc3 Nf6 5. d3 d6 6. Bg5 Bg4 7. Nd5 Nd4 8.
Nxf6+ gxf6 9. Be3 Nxf3+ 10. gxf3 Be6 11. Bxe6 fxe6 12. Bxc5 dxc5 13. Rg1 Qd7
14. Qd2 O-O-O 15. Qh6 Qf7 16. Rg7 Qf8 17. O-O-O Rg8 18. Rxg8 Qxh6+ 0-1